Electrónica industrial moderna /
Contenido: El interrruptor transistorizado como dispositivo decisor; Los interruptores transistorizados en aplicaciones de memoria y conteo; Controladores lógicos programables; Los SCR; Los UJT; Los tríacs y otros tiristores; Sistema automático de soldadura industrial con control digital; Usos espec...
Gorde:
| Egile nagusia: | |
|---|---|
| Formatua: | Liburua |
| Hizkuntza: | gaztelania |
| Argitaratua: |
México :
Prentice-Hall,
1997, c1997
|
| Gaiak: | |
| Etiketak: |
Etiketarik gabe, Izan zaitez lehena erregistro honi etiketa jartzen!
|
MARC
| LEADER | 00000nam^a2200000^a^4500 | ||
|---|---|---|---|
| 001 | 000121128 | ||
| 005 | 20250521000000.0 | ||
| 009 | 20260310094416.521 | ||
| 020 | |a 968-880-847-4 | ||
| 037 | |a Acervo ITESO - Biblioteca | ||
| 041 | |a ESP | ||
| 082 | |a 629. 8 |b MAL | ||
| 100 | |a Maloney, Timothy J. |e (autor) | ||
| 245 | 1 | 0 | |a Electrónica industrial moderna / |c T.J. Maloney ; tr. por David Morales Peake. |
| 264 | 4 | |a México : |b Prentice-Hall, |c 1997, c1997 | |
| 300 | |a XXIII, 845, 12, 10 p. | ||
| 336 | |a texto |b txt |2 rdacontenido | ||
| 337 | |a sin mediación |b n |2 rdamedio | ||
| 338 | |a volumen |b nc |2 rdasoporte | ||
| 500 | |a Traducción de: Modern Industrial Electronics | ||
| 520 | |a Contenido: El interrruptor transistorizado como dispositivo decisor; Los interruptores transistorizados en aplicaciones de memoria y conteo; Controladores lógicos programables; Los SCR; Los UJT; Los tríacs y otros tiristores; Sistema automático de soldadura industrial con control digital; Usos especiales de los amplificadores operacionales; Sistemas realimentados y servomecanismos; Transductores de entrada: dispositivos de medición; Dispositivos finales y amplificadores; Motores de cd de rotor devanado; Motores de cd no tradicionales; Motores de ca; Nueve ejemplos de sistemas industriales en lazo cerrado; Sistemas de control de velocidad de motores; Telemetría; Control en cerrado con una computadora en línea; Robots industriales; Seguridad; Curvas de la constante universal de tiempo. | ||
| 590 | |a Traducción de la 3a edición en inglés | ||
| 649 | |a XX | ||
| 650 | |a Interruptores Eléctricos | ||
| 650 | |a Transistores | ||
| 650 | |a Amplificadores (Electrónica) | ||
| 650 | |a Semiconductores | ||
| 650 | |a Interruptores Eléctricos | ||
| 650 | |a Circuitos Electrónicos | ||
| 650 | |a Control Automático | ||
| 650 | |a Automatización | ||
| 650 | |a Robótica | ||
| 650 | |a Computadoras en la Industria | ||
| 650 | |a Electrónica - |x Equipo y Aparatos | ||
| 650 | |a Electrónica | ||
| 910 | |a Fondo General | ||
| 920 | |a Impresos - Libros | ||
| 930 | |a Colección General | ||
| 905 | |a 101 | ||
| 901 | |a 0500055997 |b IT1 |c ACC |u 20250521 | ||
| 902 | |a https://opac.biblio.iteso.mx/vufind/Record/000121128 | ||